A közösségi média szerepe a fiatal felnőttek egészségtudatosságának alakulásában egy szakirodalmi áttekintés alapján

Elmentve itt :
Bibliográfiai részletek
Szerzők: Temesi Orsolya
Dinnyés Katalin Julianna
Dokumentumtípus: Cikk
Megjelent: 2025
Sorozat:ACTA SANA: MENS SANA IN CORPORE SANO 17 No. 1
Tárgyszavak:
doi:10.14232/actasana.2025.1.17-28

mtmt:36285694
Online Access:http://publicatio.bibl.u-szeged.hu/37649
LEADER 00836nab a2200217 i 4500
001 publ37649
005 20250910081853.0
008 250910s2025 hu o 000 hun d
022 |a 2060-3142 
024 7 |a 10.14232/actasana.2025.1.17-28  |2 doi 
024 7 |a 36285694  |2 mtmt 
040 |a SZTE Publicatio Repozitórium  |b hun 
041 |a hun 
100 1 |a Temesi Orsolya 
245 1 2 |a A közösségi média szerepe a fiatal felnőttek egészségtudatosságának alakulásában egy szakirodalmi áttekintés alapján  |h [elektronikus dokumentum] /  |c  Temesi Orsolya 
260 |c 2025 
300 |a 17-28 
490 0 |a ACTA SANA: MENS SANA IN CORPORE SANO  |v 17 No. 1 
650 4 |a Egészségtudományok 
700 0 1 |a Dinnyés Katalin Julianna  |e aut 
856 4 0 |u http://publicatio.bibl.u-szeged.hu/37649/1/DinnyesKatalinJ.-ActaSana.pdf  |z Dokumentum-elérés